000 00435nam a2200205Ia 4500
008 210210b1948 xxu||||| |||| 00| 0 eng d
041 _aeng
082 _a320/221
100 _aGORDON (Strathearn)
245 _aOur parliament Ed 3
250 _a
260 _aLondon
_b-
_c1948
300 _a181
650 _aparliament
650 _aOur
650 _aEd
650 _a3
690 _aPolitical Science
906 _a001971
999 _c117989
_d117989